| 000 | 00817nam a2200205Ia 4500 | ||
|---|---|---|---|
| 003 | OSt | ||
| 005 | 20240322092742.0 | ||
| 008 | 210210b2003 xxu||||| |||| 00| 0 eng d | ||
| 040 | _cAL | ||
| 041 | _aKannada | ||
| 082 | _aK894.8 MALS | ||
| 100 |
_aMALINI MALYA (B) Ed _994034 _dಮಾಲಿನಿ ಮಲ್ಯ (ಬಿ) |
||
| 245 |
_aShivarama Karantara sahitya shreni: samputa 12, kadambari 11; Jagadoddhara na;ala nirala _b ಶಿವರಾಮ ಕಾರಂತ ಸಾಹಿತ್ಯ ಶ್ರೇಣಿ : ಸಂಪುಟ ೧೨, ಕಾದಂಬರಿ ೧೧ ; ಜಗದೋದ್ಧಾರ ನಾ,ಆಳ ನಿರಾಳ |
||
| 260 |
_aBengaluru _bKannad mattu samskrati nirdeshanalaya _c2003 |
||
| 300 | _a457 | ||
| 440 |
_a12 _994035 |
||
| 690 |
_aKannada Collections _994036 |
||
| 906 | _a061835 | ||
| 942 |
_2ddc _cBK |
||
| 999 |
_c115930 _d115930 |
||